[Event "World Rapid 2022"]
[Site "Almaty KAZ"]
[Date "2022.12.27"]
[Round "8.68"]
[White "Vallejo Pons, Francisco"]
[Black "Burmakin, Vladimir"]
[Result "1-0"]
[WhiteTitle "GM"]
[BlackTitle "GM"]
[WhiteElo "2716"]
[BlackElo "2498"]
[WhiteFideId "2205530"]
[BlackFideId "4105109"]
[EventDate "2022.12.26"]

1. e4 d5 2. exd5 Qxd5 3. Nc3 Qd6 4. d4 Nf6 5. Nf3 c6 6. Ne5 Be6 7. Bf4 Qd8 8.
Qd2 Nbd7 9. O-O-O Nxe5 10. Bxe5 Qa5 11. a3 O-O-O 12. Bg3 Nh5 13. Be5 f6 14. Bf4
Nxf4 15. Qxf4 Bf7 16. Bd3 e6 17. Ne2 Qd5 18. Qe3 Qxg2 19. Kb1 Qg5 20. f4 Qa5 21.
Bc4 Bd6 22. Ng3 Qc7 23. Rhf1 Rhe8 24. Ne4 Bf8 25. Qb3 b5 26. Be2 e5 27. Qh3+ Be6
28. Bg4 Bxg4 29. Qxg4+ Qd7 30. Qxd7+ Rxd7 31. dxe5 Rxd1+ 32. Rxd1 fxe5 33. f5
Rd8 34. Re1 Be7 35. Kc1 a5 36. Re3 Bf6 37. c3 a4 38. Rh3 Rd7 39. Kc2 Kc7 40.
Rxh7 Kd8 41. h4 Ke7 42. h5 Kf7 43. h6 Rd8 44. hxg7 Rg8 45. Rh6 Bxg7 46. Rxc6 Rb8
47. Rc7+ Kf8 48. f6 Bh6 49. Rh7 1-0

[Event "World Rapid 2022"]
[Site "Almaty KAZ"]
[Date "2022.12.27"]
[Round "8.69"]
[White "Narayanan, Srinath"]
[Black "Madaminov, Mukhiddin"]
[Result "0-1"]
[WhiteTitle "GM"]
[BlackTitle "IM"]
[WhiteElo "2559"]
[BlackElo "2438"]
[WhiteFideId "5018420"]
[BlackFideId "14210703"]
[EventDate "2022.12.26"]

1. d4 Nf6 2. Bf4 g6 3. e3 Bg7 4. Nf3 c5 5. Be2 Qb6 6. Qc1 O-O 7. O-O cxd4 8.
exd4 Nc6 9. c3 d6 10. Na3 Nd5 11. Bg5 e5 12. Nc4 Qc7 13. dxe5 dxe5 14. Ne3 Nb6
15. a4 Be6 16. a5 Nd5 17. Nxd5 Bxd5 18. a6 e4 19. Bf4 Qe7 20. Nd2 b6 21. Nc4
Rfd8 22. Rd1 Qe6 23. Ne3 Bb3 24. Rxd8+ Rxd8 25. Qf1 Be5 26. Bg5 f6 27. Bh4 h5
28. f4 exf3 29. Qxf3 Kg7 30. Bb5 Na5 31. Re1 Rd2 32. Re2 Bd1 33. Nxd1 Rxd1+ 34.
Be1 Nb3 35. Ba4 Rxe1+ 36. Rxe1 Bd4+ 37. cxd4 Qxe1+ 38. Qf1 Qxf1+ 39. Kxf1 Nxd4
40. Kf2 f5 41. Ke3 Ne6 42. Bd7 Nc7 43. Bc8 Kf6 44. Kd4 h4 45. h3 Kf7 46. Ke5 Ke7
47. b3 Nb5 48. Bb7 Nd6 49. Bd5 Nf7+ 50. Bxf7 Kxf7 51. b4 Ke7 52. b5 Kf7 53. Kd6
Kf6 54. Kc7 Ke7 55. Kb7 Kd7 56. Kxa7 Kc7 57. Ka8 g5 58. Ka7 f4 59. Ka8 g4 0-1

[Event "World Rapid 2022"]
[Site "Almaty KAZ"]
[Date "2022.12.27"]
[Round "8.70"]
[White "Averin, Nikolay"]
[Black "Makhnev, Denis"]
[Result "0-1"]
[WhiteTitle "FM"]
[BlackTitle "GM"]
[WhiteElo "2342"]
[BlackElo "2481"]
[WhiteFideId "24250473"]
[BlackFideId "13707647"]
[EventDate "2022.12.26"]

1. e4 e5 2. Nf3 Nc6 3. Bb5 a6 4. Ba4 d6 5. O-O Bd7 6. c3 g6 7. Re1 Bg7 8. Bc2
Nge7 9. d4 exd4 10. cxd4 Bg4 11. d5 Bxf3 12. Qxf3 Nd4 13. Qd1 c5 14. dxc6 bxc6
15. Be3 Qb6 16. Nc3 O-O 17. Na4 Qb4 18. a3 Qxe1+ 19. Qxe1 Nxc2 20. Qc1 Nxa1 21.
Qxa1 d5 22. Nb6 Rad8 23. exd5 Nxd5 24. Nxd5 cxd5 25. g3 d4 26. Bg5 Rd5 27. Qc1
d3 28. Bd2 h5 29. Qc4 Rfd8 30. Qxa6 Bxb2 31. a4 Bd4 32. Kg2 Rf5 33. f4 Rc5 34.
Kf3 Bc3 35. Bxc3 Rxc3 36. Qa5 d2+ 37. Kf2 d1=Q 38. Qxc3 Rd2+ 39. Ke3 Qe2# 0-1

[Event "World Rapid 2022"]
[Site "Almaty KAZ"]
[Date "2022.12.27"]
[Round "8.71"]
[White "Harutyunyan, Tigran K."]
[Black "Mamatov, Melis"]
[Result "1-0"]
[WhiteTitle "GM"]
[BlackTitle "FM"]
[WhiteElo "2511"]
[BlackElo "2399"]
[WhiteFideId "13303635"]
[BlackFideId "13800027"]
[EventDate "2022.12.26"]

1. d4 d5 2. Nf3 Nf6 3. c4 c6 4. Nc3 dxc4 5. a4 Bf5 6. e3 e6 7. Bxc4 Bb4 8. O-O
O-O 9. Qe2 Nbd7 10. e4 Bg6 11. Bd3 Re8 12. e5 Bxd3 13. Qxd3 Nd5 14. Nxd5 cxd5
15. Qb5 Be7 16. Qxb7 Rb8 17. Qa6 Qc7 18. Qd3 Rec8 19. Bg5 Bxg5 20. Nxg5 Qc2 21.
Qf3 Qg6 22. h4 h6 23. Nh3 Rxb2 24. Rac1 Rbc2 25. Rxc2 Qxc2 26. Qa3 Rc4 27. Qe7
Qxa4 28. Rb1 Qc6 29. Kh2 Qc8 30. Rd1 a5 31. Rd3 Nf8 32. Qa3 a4 33. Nf4 Ng6 34.
Nxg6 fxg6 35. Rg3 Qd8 36. Rg4 Qe8 37. g3 Qf8 38. Qa2 Kh7 39. Rf4 Qe7 40. Qb1 h5
41. Qb8 Rb4 42. Qa8 g5 43. hxg5 Qxg5 44. Rf8 Qe7 45. Rh8+ Kg6 46. Qg8 Kf5 47.
Qh7+ 1-0

[Event "World Rapid 2022"]
[Site "Almaty KAZ"]
[Date "2022.12.27"]
[Round "8.72"]
[White "Khusnutdinov, Rustam"]
[Black "Munkhdalai, Amilal"]
[Result "1/2-1/2"]
[WhiteTitle "GM"]
[BlackTitle "FM"]
[WhiteElo "2441"]
[BlackElo "2142"]
[WhiteFideId "13701703"]
[BlackFideId "4903250"]
[EventDate "2022.12.26"]

1. d4 Nf6 2. c4 e6 3. Bf4 b6 4. a3 Bb7 5. Nc3 Nh5 6. Bd2 Nf6 7. Qc2 d5 8. cxd5
Nxd5 9. e4 Nxc3 10. Bxc3 Nd7 11. Rd1 Be7 12. Nf3 O-O 13. Be2 Nf6 14. Bd3 h6 15.
O-O Rc8 16. b4 c5 17. dxc5 bxc5 18. b5 c4 19. Bxc4 Qc7 20. Bxf6 gxf6 21. Nd2
Bxa3 22. Qc3 Be7 23. Qe3 Bb4 24. Be2 Rfd8 25. Nc4 Rxd1 26. Rxd1 Kg7 27. Qxa7
Bxe4 28. Qd4 Bg6 29. h4 Bc5 30. Qg4 h5 31. Qf3 Rb8 32. Ne3 Qe5 33. Nf1 Ba7 34.
Ng3 Qc5 35. Rf1 Rd8 36. Nxh5+ Bxh5 37. Qxh5 Qxh5 38. Bxh5 Rd2 39. Rd1 Rb2 40.
Rd7 Bxf2+ 41. Kh2 Bxh4 42. Bxf7 Rxb5 43. Bxe6+ Kh6 44. g4 Bg5 45. Bf5 Rb2+ 46.
Kg3 Rb3+ 47. Kg2 Rb2+ 48. Kf3 Rb3+ 49. Ke4 Rb4+ 50. Kd5 Bc1 51. Rc7 Bb2 52. Ke6
Rb6+ 53. Kf7 Be5 54. Rc1 Kg5 55. Rc2 1/2-1/2

[Event "World Rapid 2022"]
[Site "Almaty KAZ"]
[Date "2022.12.27"]
[Round "8.73"]
[White "Batsuren, Dambasuren"]
[Black "Damjanovic, Vuk"]
[Result "1-0"]
[WhiteTitle "GM"]
[BlackTitle "FM"]
[WhiteElo "2525"]
[BlackElo "2361"]
[WhiteFideId "4902920"]
[BlackFideId "980021"]
[EventDate "2022.12.26"]

1. d4 d5 2. c4 e6 3. Nf3 Nf6 4. g3 h6 5. Bg2 Bd6 6. O-O O-O 7. Nc3 Nc6 8. b3
dxc4 9. bxc4 e5 10. d5 Nb8 11. c5 Bxc5 12. Nxe5 Nbd7 13. Nc4 Nb6 14. Qd3 Re8 15.
Be3 Qe7 16. Bxc5 Qxc5 17. Nd2 Qe7 18. a4 a6 19. Rab1 Nbd7 20. Qd4 Qc5 21. Qxc5
Nxc5 22. e4 Bd7 23. a5 Rab8 24. Rfe1 b5 25. axb6 cxb6 26. Nc4 b5 27. Nd6 Re7 28.
f4 Ne8 29. Nxe8 Rexe8 30. d6 b4 31. Nd5 b3 32. Rec1 Na4 33. Rc7 Be6 34. Ne7+
Rxe7 35. dxe7 b2 36. e5 Bf5 37. Rxb2 Nxb2 38. Bc6 Be6 39. Rb7 Rc8 40. Rxb2 1-0

[Event "World Rapid 2022"]
[Site "Almaty KAZ"]
[Date "2022.12.27"]
[Round "8.74"]
[White "Suyarov, Mukhammadzokhid"]
[Black "Arjun, Kalyan"]
[Result "0-1"]
[WhiteTitle "FM"]
[BlackTitle "GM"]
[WhiteElo "2299"]
[BlackElo "2505"]
[WhiteFideId "14210495"]
[BlackFideId "35018701"]
[EventDate "2022.12.26"]

1. d4 Nf6 2. Nc3 d5 3. Bf4 e6 4. Nb5 Na6 5. e3 Be7 6. Nf3 O-O 7. Be2 c6 8. Nc3
c5 9. Nb5 Bd7 10. c3 c4 11. a4 Bxb5 12. axb5 Nc7 13. Qa4 a6 14. bxa6 Rxa6 15.
Qd1 Bd6 16. O-O Ne4 17. Rxa6 bxa6 18. Qc2 Bxf4 19. exf4 Nd6 20. Nd2 Qf6 21. g3
Qf5 22. Qxf5 exf5 23. Ra1 Rb8 24. Ra2 Kf8 25. Kf1 Ke7 26. Ke1 Ne4 27. Nb1 f6 28.
Na3 g5 29. fxg5 fxg5 30. Nc2 f4 31. Nb4 Rb6 32. Ra5 Kd6 33. Bf3 Rb5 34. Ra2 a5
35. Nc2 Nf6 36. gxf4 g4 37. Be2 Ne6 38. f5 Nf4 39. Ne3 h5 40. Bf1 Ne4 41. Ng2
Nh3 42. f6 Nxf6 43. Ne3 Nf4 44. Ng2 Nxg2+ 45. Bxg2 Ke6 46. Ke2 Kf5 47. Ke3 h4
48. Bf1 Nh5 49. Be2 Nf4 50. Bd1 Kg5 51. Ba4 Rb7 52. Bd1 Ra7 53. Kd2 Nd3 54. b4
Nxf2 55. Rxa5 Ne4+ 56. Kc2 Rxa5 57. bxa5 Nd6 58. a6 Nb5 59. Kd2 Kf4 60. Be2 g3
61. hxg3+ hxg3 62. Ke1 Ke3 63. Bf1 Kf3 64. Be2+ Kg2 65. Bg4 Kh2 0-1

[Event "World Rapid 2022"]
[Site "Almaty KAZ"]
[Date "2022.12.27"]
[Round "8.75"]
[White "Nurgaliyev, Sauat"]
[Black "Utegaliyev, Azamat"]
[Result "0-1"]
[WhiteTitle "CM"]
[WhiteElo "2150"]
[BlackElo "2445"]
[WhiteFideId "13726285"]
[BlackFideId "13702467"]
[EventDate "2022.12.26"]

1. e4 c5 2. Nf3 e6 3. d4 cxd4 4. Nxd4 a6 5. Bd3 Qc7 6. Nc3 b5 7. a3 Bb7 8. Be3
Nf6 9. O-O Nc6 10. Qd2 Bd6 11. h3 Nxd4 12. Bxd4 Bh2+ 13. Kh1 Bf4 14. Be3 Be5 15.
Rae1 Bxc3 16. bxc3 Bxe4 17. Bf4 Qc6 18. Bxe4 Nxe4 19. Qd4 Nf6 20. Be5 Ke7 21.
Rd1 d5 22. Rfe1 Rhc8 23. Re3 Qc4 24. Qb6 Qc5 25. Qb7+ Nd7 26. Bxg7 Kd6 27. Bh6
Rcb8 28. Bf4+ e5 29. Rxe5 Rxb7 30. Re8+ Kc6 31. Rxa8 Qxf2 32. Bh2 Qxc2 33. Rc8+
Kb6 34. Rxd5 Ka5 35. Rd4 Qc1+ 36. Bg1 Rb8 37. Rc6 Ne5 38. Rc5 Re8 39. Re4 Nd3 0-1

[Event "World Rapid 2022"]
[Site "Almaty KAZ"]
[Date "2022.12.27"]
[Round "8.77"]
[White "Naiditsch, Arkadij"]
[Black "Korelskiy, Egor"]
[Result "1-0"]
[WhiteTitle "GM"]
[BlackTitle "FM"]
[WhiteElo "2659"]
[BlackElo "2153"]
[WhiteFideId "4650891"]
[BlackFideId "34329064"]
[EventDate "2022.12.26"]

1. e4 c5 2. Nf3 e6 3. d3 d5 4. Nbd2 Nc6 5. g3 g6 6. h4 Nf6 7. c3 Bg7 8. e5 Nd7
9. d4 h5 10. Bd3 Qb6 11. O-O O-O 12. Re1 cxd4 13. cxd4 Nxd4 14. Nxd4 Qxd4 15.
Nf3 Qb4 16. a3 Qb6 17. Be3 Qd8 18. Bd4 b6 19. b4 Bb7 20. Ng5 Qe7 21. g4 Bh6 22.
f4 Bxg5 23. fxg5 hxg4 24. Qxg4 Kg7 25. Rf1 Rh8 26. Ra2 a5 27. Raf2 Raf8 28. Bb5
axb4 29. axb4 Nb8 30. Bxb6 Nd7 31. Bc7 Rh7 32. Bd6 Qd8 33. Bxf8+ Kxf8 34. Qxe6
Qe7 35. Qxe7+ Kxe7 36. Bxd7 d4 37. Bb5 Bd5 38. Rf4 Ke6 39. Rxd4 Kxe5 40. Rfd1
Bf3 1-0

[Event "World Rapid 2022"]
[Site "Almaty KAZ"]
[Date "2022.12.27"]
[Round "8.78"]
[White "Ghasi, Ameet K"]
[Black "Postlmayer, Jakob"]
[Result "1/2-1/2"]
[WhiteTitle "IM"]
[BlackTitle "FM"]
[WhiteElo "2471"]
[BlackElo "2314"]
[WhiteFideId "409200"]
[BlackFideId "1643622"]
[EventDate "2022.12.26"]

1. Nf3 d5 2. g3 g6 3. Bg2 Bg7 4. O-O e5 5. d3 Ne7 6. Nbd2 O-O 7. e4 c6 8. c3 h6
9. Re1 dxe4 10. Nxe4 Qc7 11. Qb3 Be6 12. Qa3 Na6 13. Be3 Rfd8 14. Rad1 Nd5 15.
Bc1 f5 16. Ned2 Bf7 17. Nc4 Re8 18. Nd6 Re6 19. Nxf7 Qxf7 20. Qa5 Qc7 21. Qxc7
Naxc7 22. Re2 Rae8 23. Rde1 Kf7 24. h4 e4 25. dxe4 fxe4 26. Nh2 Nf6 27. g4 Bf8
28. g5 hxg5 29. hxg5 Nh7 30. Rxe4 Rxe4 31. Rxe4 Rxe4 32. Bxe4 Ne6 33. Nf3 Kg7
34. Be3 Bc5 35. Bd2 Be7 36. Bc2 Nhxg5 37. Ne5 Bf6 38. Bxg5 Bxe5 39. Be3 b6 40.
Be4 c5 41. Kg2 Kf6 42. Bc2 Bf4 43. Kf3 g5 44. Bxf4 Nxf4 45. Ke4 Nh3 46. Kf3 Ke5
47. Kg3 Nf4 48. Kg4 Kf6 49. a4 a5 50. Kf3 Ke5 51. Ke3 Nd5+ 52. Kf3 Nf6 53. Ke3
Ne8 54. Bd3 Nd6 55. Kf3 Kf6 56. Kg4 Nf7 57. f4 gxf4 58. Kxf4 Ne5 59. Be2 Ke6 60.
Ke4 Kd6 61. Bb5 Ng6 62. Be8 Ne7 63. Bb5 Nd5 64. Bc4 Ne7 1/2-1/2

[Event "World Rapid 2022"]
[Site "Almaty KAZ"]
[Date "2022.12.27"]
[Round "8.79"]
[White "Khripachenko, Alexander"]
[Black "Christiansen, Johan-Sebastian"]
[Result "1-0"]
[WhiteTitle "FM"]
[BlackTitle "GM"]
[WhiteElo "2219"]
[BlackElo "2578"]
[WhiteFideId "54184975"]
[BlackFideId "1512668"]
[EventDate "2022.12.26"]

1. e4 e5 2. Nf3 Nc6 3. Bb5 f5 4. d3 fxe4 5. dxe4 Nf6 6. O-O Bc5 7. Bc4 d6 8. Nc3
Na5 9. Be2 O-O 10. a3 Nc6 11. Bg5 a6 12. Nd5 Kh8 13. Nh4 Nd4 14. Bc4 b5 15. Ba2
Ne6 16. Bxf6 gxf6 17. b4 Ba7 18. Qh5 Qe8 19. Qh6 Bd7 20. Nxf6 Rxf6 21. Qxf6+ Ng7
22. Bf7 Qf8 23. Ng6+ hxg6 24. Qh4+ Nh5 25. Bxg6 Qg7 26. Qxh5+ Kg8 27. Bf5 Rf8
28. Bxd7 Qxd7 29. Rad1 Rf7 30. Rd3 Qe6 31. Rg3+ Kf8 32. Rf3 Rxf3 33. Qxf3+ Ke7
34. h4 Qh6 35. g3 Qg6 36. Kg2 c6 37. h5 Qh6 38. Qf5 Bd4 39. Rh1 d5 40. Rh4 dxe4
41. Rxe4 Qd2 42. Rg4 Kd6 43. Rg6+ Kc7 44. Qf7+ 1-0

[Event "World Rapid 2022"]
[Site "Almaty KAZ"]
[Date "2022.12.27"]
[Round "8.80"]
[White "Kazakov, Konstantin"]
[Black "Saraci, Nderim"]
[Result "1/2-1/2"]
[WhiteTitle "IM"]
[BlackTitle "IM"]
[WhiteElo "2385"]
[BlackElo "2468"]
[WhiteFideId "13700898"]
[BlackFideId "6351921"]
[EventDate "2022.12.26"]

1. e4 c5 2. Nc3 Nc6 3. f4 g6 4. Nf3 Bg7 5. a4 d6 6. Bb5 Bd7 7. d3 e6 8. O-O Nge7
9. Qe1 a6 10. Bxc6 Nxc6 11. e5 d5 12. Qf2 b6 13. d4 cxd4 14. Nxd4 Nxd4 15. Qxd4
O-O 16. Be3 b5 17. axb5 Bxb5 18. Rfd1 Qc7 19. Qd2 Rfc8 20. Bd4 Bf8 21. Qe3 Rab8
22. h3 a5 23. g4 Bd7 24. Rab1 a4 25. Rf1 Bc5 26. Rf3 Bxd4 27. Qxd4 Qc5 28. Qxc5
Rxc5 29. Rd3 Kg7 30. Kf2 Rb4 31. Kg3 Bc6 32. Na2 Rb8 33. c3 Bb5 34. Rd4 Rc4 35.
Rxc4 Bxc4 36. Nb4 d4 37. Kf3 dxc3 38. bxc3 Bb3 39. Ke3 Rd8 40. Ra1 h6 41. h4 Rd7
42. g5 h5 43. Na6 Rd8 44. Nc5 Rc8 45. Kd4 Rd8+ 46. Ke3 Rc8 47. Kd4 Rd8+ 1/2-1/2

[Event "World Rapid 2022"]
[Site "Almaty KAZ"]
[Date "2022.12.27"]
[Round "8.81"]
[White "Degenbaev, Aziz"]
[Black "Tang, Andrew"]
[Result "0-1"]
[BlackTitle "GM"]
[WhiteElo "2139"]
[BlackElo "2540"]
[WhiteFideId "13802640"]
[BlackFideId "2059630"]
[EventDate "2022.12.26"]

1. c4 e6 2. Nc3 d5 3. d4 Be7 4. Nf3 Nf6 5. cxd5 exd5 6. Bg5 c6 7. e3 Bf5 8. Be2
O-O 9. O-O Nbd7 10. a3 a5 11. Rc1 Bd6 12. h3 Qb8 13. Nh4 Bg6 14. Nxg6 hxg6 15.
Bd3 Re8 16. Qe2 Nf8 17. f4 N8h7 18. Qf3 Qd8 19. Bh4 Qd7 20. g4 Re7 21. g5 Rae8
22. Rfe1 Ne4 23. Bxe4 dxe4 24. Qf1 Qf5 25. Red1 Rd7 26. Na4 Nf8 27. Nb6 Rdd8 28.
Be1 Ne6 29. Nc4 Bxf4 30. exf4 Nxf4 31. Bxa5 e3 32. Re1 e2 33. Qf3 Rxd4 34. Kh2
Rd3 0-1

[Event "World Rapid 2022"]
[Site "Almaty KAZ"]
[Date "2022.12.27"]
[Round "8.82"]
[White "Kostenko, Petr"]
[Black "Abdilkhair, Abilmansur"]
[Result "1-0"]
[WhiteTitle "GM"]
[BlackTitle "FM"]
[WhiteElo "2374"]
[BlackElo "2278"]
[WhiteFideId "13700669"]
[BlackFideId "13716417"]
[EventDate "2022.12.26"]

1. c4 e6 2. Nf3 Nf6 3. g3 b6 4. Bg2 Bb7 5. O-O Be7 6. Nc3 O-O 7. Re1 d5 8. cxd5
exd5 9. d4 Nbd7 10. Bf4 c6 11. Qc2 Re8 12. Rad1 Nf8 13. e4 dxe4 14. Nxe4 Nd5 15.
Bc1 Bb4 16. Bd2 Bxd2 17. Qxd2 Qc7 18. Rc1 Rad8 19. b4 Ne6 20. Qb2 a6 21. a3 b5
22. Nc5 Nxc5 23. dxc5 Qc8 24. Nd4 Qd7 25. Nb3 Nf6 26. Na5 Ba8 27. Qc2 h5 28. h3
h4 29. g4 Nd5 30. Qd2 Rf8 31. Qg5 Qc7 32. Qxh4 Nf4 33. Bf1 Ne6 34. Qg3 Qe7 35.
Bg2 Qf6 36. Re4 Rd2 37. Rce1 Rfd8 38. h4 R2d3 39. R4e3 Qc3 40. Rxd3 Qxe1+ 41.
Bf1 Rf8 42. Qe3 Qa1 43. Rd6 Qf6 44. g5 Qf5 45. Bh3 Qb1+ 46. Kh2 Nc7 47. Bg2 Nd5
48. Qg3 Qf5 49. Nxc6 Bxc6 50. Rxc6 Nf4 51. Rxa6 Re8 52. Ra8 Rxa8 53. Bxa8 Nd3
54. Bf3 Ne5 55. Be2 Qe4 56. Bd1 Qd5 57. Bb3 Nf3+ 58. Kg2 Nxh4+ 59. Kh3 Qh1+ 60.
Kg4 Ng6 61. Bc2 Nf8 62. Qf4 Qg2+ 63. Qg3 Qd5 64. Qf3 Qe6+ 65. Qf5 Qe2+ 66. Kg3
g6 67. Qe4 Qd2 68. c6 Qxg5+ 69. Kh2 Qf6 70. Kg1 Qc3 71. Bd3 Qc1+ 72. Kh2 Ne6 73.
Qd5 Qf4+ 74. Kg1 Qg4+ 75. Qg2 Qd1+ 76. Bf1 Qc1 77. Qd5 Qf4 78. Bxb5 Nc7 79. Qd8+
Kg7 80. Bf1 Ne6 81. Qd3 Nd4 82. c7 Qg5+ 83. Kh1 Qh5+ 84. Bh3 Qd5+ 85. Bg2 Qh5+
86. Kg1 Qg4 87. c8=Q Qxc8 88. Qxd4+ Kh7 89. Qb2 Qg4 90. Qb3 Qf4 91. b5 Qc1+ 92.
Bf1 Qg5+ 93. Qg3 Qc5 94. a4 Qb4 95. Qf3 Kg7 96. Be2 Qd4 97. Kg2 Qd8 98. Qc3+ Kh7
99. Qc5 Qa8+ 100. Bf3 Qxa4 101. b6 Qf4 102. b7 Kg7 103. Qb5 Qb8 104. Qb2+ Kh7
105. Qf6 1-0

[Event "World Rapid 2022"]
[Site "Almaty KAZ"]
[Date "2022.12.27"]
[Round "8.83"]
[White "Svane, Frederik"]
[Black "Begmuratov, Khumoyun"]
[Result "1-0"]
[WhiteTitle "GM"]
[BlackTitle "FM"]
[WhiteElo "2568"]
[BlackElo "2399"]
[WhiteFideId "12923044"]
[BlackFideId "14210207"]
[EventDate "2022.12.26"]

1. e4 e5 2. Nf3 Nc6 3. Bb5 Nf6 4. d3 d6 5. O-O Bd7 6. c3 g6 7. Re1 Bg7 8. Nbd2
O-O 9. Ba4 a6 10. d4 b5 11. Bc2 exd4 12. cxd4 Bg4 13. h3 Bxf3 14. Nxf3 Nd7 15.
Bg5 Qb8 16. Rc1 h6 17. Be3 Nb6 18. b3 Ne7 19. Qd2 Kh7 20. h4 h5 21. Bb1 c6 22.
Bg5 f6 23. Bf4 Qd8 24. Qe2 Qd7 25. Bg3 Rae8 26. e5 dxe5 27. dxe5 Nbd5 28. exf6
Bxf6 29. Ne5 Bxe5 30. Qxh5+ Kg8 31. Qxe5 Nf5 32. Qb2 Nxg3 33. fxg3 Qd6 34. Qc2
Kg7 35. Qd3 Qf6 36. Rxe8 Rxe8 37. Rf1 Qd6 38. h5 Qc5+ 39. Kh2 Re6 40. hxg6 Nf6
41. Qf3 Qg5 42. Bf5 Re5 43. g4 Nd5 44. Qh3 Nf6 45. Rd1 Re3 46. Rd7+ Nxd7 47.
Qh7+ Kf6 48. Qh8+ Ke7 49. Qg7+ Kd6 50. Qd4+ Kc7 51. Qa7+ Kd6 52. Qd4+ Kc7 53.
Qa7+ Kd6 54. Qd4+ Kc7 55. Qxd7+ Kb6 56. Qd4+ c5 57. Qd6+ Ka5 58. Qd2+ b4 59. Kg1
Qe7 60. g7 Re2 61. Qd3 Re3 62. Qd2 Re2 63. Qd3 Re3 64. g8=Q Rxd3 65. Bxd3 Qe3+
66. Kh2 Qh6+ 67. Kg1 Qe3+ 68. Kf1 Qxd3+ 69. Kf2 Qd2+ 70. Kf3 Qd3+ 71. Kf4 Qd2+
72. Ke5 Qxg2 73. Qd5 Qg3+ 74. Kf5 Kb6 75. g5 a5 76. g6 a4 77. Qe6+ Ka5 78. Qd5
axb3 79. axb3 Kb6 80. Qe6+ Kb5 81. Qc4+ Kc6 82. Qe4+ Kb6 83. Kf6 Qc3+ 84. Qe5
Qf3+ 85. Ke7 Qxb3 86. Qe6+ Qxe6+ 87. Kxe6 b3 88. g7 Kb5 89. g8=Q Kb4 90. Qb8+
Kc3 91. Qe5+ Kc4 92. Kd6 Kd3 93. Kxc5 Kc2 94. Kc4 b2 95. Qc3+ 1-0

[Event "World Rapid 2022"]
[Site "Almaty KAZ"]
[Date "2022.12.27"]
[Round "8.84"]
[White "Elier, Ali"]
[Black "Vetokhin, Savva"]
[Result "1-0"]
[BlackTitle "IM"]
[WhiteElo "2165"]
[BlackElo "2354"]
[WhiteFideId "16217543"]
[BlackFideId "44144474"]
[EventDate "2022.12.26"]

1. e4 c5 2. d4 cxd4 3. c3 dxc3 4. Nxc3 e6 5. Nf3 a6 6. Bc4 Ne7 7. Bg5 h6 8. Be3
Ng6 9. O-O Be7 10. Nd4 b5 11. Bb3 Bb7 12. f4 O-O 13. a3 Nc6 14. Qh5 Bf6 15. e5
Be7 16. Nxc6 Bxc6 17. f5 Nxe5 18. fxe6 Bg5 19. exf7+ Kh8 20. Bxg5 Qxg5 21. Qxg5
hxg5 22. Rf5 Nc4 23. Raf1 g6 24. Rxg5 Kg7 25. Bc2 Rxf7 26. Rxg6+ Kf8 27. Nd1
Rxf1+ 28. Kxf1 Re8 29. h4 Kf7 30. h5 Nd2+ 31. Kg1 Ne4 32. Ne3 Re5 33. g4 Nc5 34.
Nf5 Re1+ 35. Kf2 Rh1 36. Kg3 Rg1+ 37. Kh4 Ne6 38. Nh6+ Ke7 39. Nf5+ Kf7 40. Nh6+
Ke7 41. Nf5+ Kf7 42. Nd6+ Ke7 43. Nf5+ Kf7 44. Be4 Bxe4 45. Nd6+ Ke7 46. Nxe4 d5
47. Ng3 Kf7 48. g5 d4 49. Rf6+ Ke7 50. Rf3 Rg2 51. h6 Rh2+ 52. Kg4 Kd6 53. Nf5+
Ke5 54. Nh4 Ke4 55. h7 Rxh4+ 56. Kxh4 Kxf3 57. h8=Q d3 58. Qc3 Nf4 59. Qd2 a5
60. b3 a4 61. b4 Ke4 62. Kg4 Ng6 63. Qe1+ Kd4 64. Kf5 Nf8 65. Qe5+ Kc4 66. Qc5+
Kb3 67. Qxf8 1-0

[Event "World Rapid 2022"]
[Site "Almaty KAZ"]
[Date "2022.12.27"]
[Round "8.85"]
[White "Haldorsen, Benjamin"]
[Black "Mamedov, Edgar"]
[Result "1/2-1/2"]
[WhiteTitle "IM"]
[BlackTitle "FM"]
[WhiteElo "2449"]
[BlackElo "2283"]
[WhiteFideId "1512633"]
[BlackFideId "13739980"]
[EventDate "2022.12.26"]

1. e4 c6 2. Nf3 d5 3. d3 Qc7 4. exd5 cxd5 5. g3 Nc6 6. Bg2 Nf6 7. O-O Bg4 8. c4
e6 9. Nc3 Be7 10. cxd5 exd5 11. h3 Be6 12. Bf4 Qd7 13. Ng5 O-O 14. Nxe6 fxe6 15.
Re1 Bc5 16. Na4 Bd4 17. Be3 Qd6 18. Rc1 Bxe3 19. Rxe3 Nd4 20. Nc3 Rac8 21. Qa4
Qb6 22. Ree1 Nf5 23. Qb5 Nd4 24. Qxb6 axb6 25. f4 Nd7 26. h4 b5 27. Kf2 Nc5 28.
Ke3 Nf5+ 29. Kd2 Nxg3 30. Nxb5 Rxf4 31. Bh3 Rc6 32. Na7 Rc7 33. Nb5 Rc6 34. Na7
Rc7 35. Nb5 Rc6 36. Na7 Rc7 37. Nb5 Rc6 38. Na7 1/2-1/2

[Event "World Rapid 2022"]
[Site "Almaty KAZ"]
[Date "2022.12.27"]
[Round "8.86"]
[White "Shishkov, Andrei"]
[Black "Suleimen, Ergali"]
[Result "0-1"]
[WhiteTitle "IM"]
[WhiteElo "2340"]
[BlackElo "2073"]
[WhiteFideId "4500563"]
[BlackFideId "13724452"]
[EventDate "2022.12.26"]

1. d4 Nf6 2. c4 g6 3. f3 d5 4. cxd5 Nxd5 5. e4 Nb6 6. Nc3 Bg7 7. Be3 O-O 8. a4
a5 9. Rc1 Nc6 10. Nb5 e6 11. h4 Qe7 12. h5 Rd8 13. Ne2 Qb4+ 14. Kf2 Qxa4 15.
Nxc7 Rb8 16. d5 Qxd1 17. Rxd1 Nc4 18. Bg5 f6 19. Bc1 f5 20. Nc3 exd5 21. exd5
N6e5 22. f4 Ng4+ 23. Kf3 Nd6 24. hxg6 hxg6 25. N7b5 b6 26. Nxd6 Rxd6 27. Nb5 Rd7
28. Bc4 Bb7 29. Kg3 Bf6 30. d6+ Kg7 31. Be6 Rdd8 32. Nc7 Bc6 33. d7 Rb7 34. Ne8+
Kf8 35. b3 b5 36. Nxf6 Nxf6 37. Rh8+ Ke7 38. Rxd8 Kxd8 39. Bb2 Ne4+ 40. Kh4 Bxd7
41. Bd5 Rb6 42. Bd4 Rd6 43. Be5 Ra6 44. Rd4 a4 45. bxa4 Rxa4 46. Rd1 Ke7 47.
Bxe4 fxe4 48. Kg5 Be8 49. g4 e3 50. Bd6+ Kf7 51. Re1 Re4 52. Re2 b4 53. Bc5 b3
54. Ba3 Bb5 55. Re1 e2 56. f5 gxf5 57. Kxf5 Rd4 58. Rh1 Rd1 59. Rh7+ Kg8 0-1

[Event "World Rapid 2022"]
[Site "Almaty KAZ"]
[Date "2022.12.27"]
[Round "8.87"]
[White "Amangeldy, Ernur"]
[Black "Uruci, Endrit"]
[Result "1-0"]
[BlackTitle "FM"]
[WhiteElo "2097"]
[BlackElo "2297"]
[WhiteFideId "13720244"]
[BlackFideId "22100199"]
[EventDate "2022.12.26"]

1. d4 Nf6 2. c4 e5 3. dxe5 Ng4 4. e4 Nxe5 5. Nc3 Bc5 6. Be2 Nbc6 7. Nf3 d6 8.
O-O O-O 9. Kh1 Be6 10. b3 Nxf3 11. Bxf3 Nd4 12. Be3 Qf6 13. Rc1 Nxf3 14. Qxf3
Qxf3 15. gxf3 Bxe3 16. fxe3 f5 17. Kg2 Rae8 18. exf5 Rxf5 19. e4 Rg5+ 20. Kh1
Rf8 21. Rf2 a6 22. Rg1 Rc5 23. a4 Bd7 24. Rd1 b5 25. axb5 axb5 26. Rd5 b4 27.
Rxc5 dxc5 28. Nd5 Ra8 29. Kg2 Ra3 30. Rb2 c6 31. Nb6 Be6 32. Kf2 Kf7 33. Ke3 Ra6
34. Na4 Bxc4 35. Nxc5 Ra3 36. Kd4 Bb5 37. f4 Ra1 38. Rd2 Rb1 39. Ke5 Rc1 40. Kd6
Rf1 41. f5 Rf3 42. Ra2 Rf1 43. Ra7+ Kf6 44. e5+ Kxf5 45. Rf7+ Kg6 46. Rxf1 Bxf1
47. e6 Bh3 48. Ne4 Bf5 49. e7 Kf7 50. Nc5 g5 51. Na6 Bg6 52. Nxb4 Kf6 53. Nxc6
h5 54. b4 g4 55. b5 h4 56. Ne5 g3 57. hxg3 hxg3 58. b6 g2 59. Nf3 Be4 60. e8=Q
Bxf3 61. Qe5+ Kf7 62. Qf4+ Ke8 63. Qf6 1-0